000 00598cam a22002177a 4500
001 001339
003 armpunfd
005 20140612090637.0
008 040205e0####xx#a##########000#0#und#d
040 _aarmpunfd
_carmpunfd
080 _a347.45 SE 65
100 1 0 _a Serantes PeÑA, Oscar
245 1 0 _aLa locacion urbana : en la ley 16.739
260 _a Uenos Aires : Ethos
_b1965. 144 P.
650 7 _a Ley 16.739
_2LEMB
650 7 _a Locacion Urbana
_2LEMB
700 1 0 _aClavell Borras, Javier
942 _cLB
_2cdu
945 _aCatalis
_d2010-08-19
945 _aCatalis
_d2010-08-19
999 _c1330
_d231834